<?xml version="1.0" encoding="UTF-8"?>
<record
    xmlns:xsi="http://www.w3.org/2001/XMLSchema-instance"
    xsi:schemaLocation="http://www.loc.gov/MARC21/slim http://www.loc.gov/standards/marcxml/schema/MARC21slim.xsd"
    xmlns="http://www.loc.gov/MARC21/slim">

  <leader>00726nam a2200181 a 4500</leader>
  <controlfield tag="001">BRCA_2354</controlfield>
  <controlfield tag="005">20190320203754.0</controlfield>
  <controlfield tag="008">231008s1990----mx-a---###---#000-0#spa-#</controlfield>
  <datafield tag="020" ind1=" " ind2=" ">
    <subfield code="a">9686534008</subfield>
  </datafield>
  <datafield tag="050" ind1=" " ind2="4">
    <subfield code="a">NK5114</subfield>
    <subfield code="b">.F47 1990</subfield>
  </datafield>
  <datafield tag="100" ind1="1" ind2=" ">
    <subfield code="a">Fern&#xE1;ndez, Miguel &#xC1;ngel</subfield>
    <subfield code="9">7057</subfield>
  </datafield>
  <datafield tag="245" ind1="1" ind2="0">
    <subfield code="a">El vidrio en M&#xE9;xico</subfield>
    <subfield code="c">Miguel &#xC1;ngel Fern&#xE1;ndez.</subfield>
  </datafield>
  <datafield tag="260" ind1=" " ind2=" ">
    <subfield code="a">M&#xE9;xico</subfield>
    <subfield code="b">Centro de Arte Vitro</subfield>
    <subfield code="c">1990</subfield>
  </datafield>
  <datafield tag="300" ind1=" " ind2=" ">
    <subfield code="a">279 p.</subfield>
    <subfield code="b">il. (algunas a color)</subfield>
    <subfield code="c">35 cm.</subfield>
    <subfield code="e">Folleto de la exposici&#xF3;n temporal realizada en el Museo Nacional de Historia, Castillo de Chapultepec (Ciudad de M&#xE9;xico), diciembre 1989 - febrero 1990. 12 p. ; 28 cm.</subfield>
  </datafield>
  <datafield tag="504" ind1=" " ind2=" ">
    <subfield code="a">Bibliograf&#xED;a: p. 267-279</subfield>
  </datafield>
  <datafield tag="650" ind1="1" ind2="4">
    <subfield code="a">Cristaler&#xED;a</subfield>
    <subfield code="x">Historia</subfield>
    <subfield code="z">M&#xE9;xico</subfield>
    <subfield code="9">7058</subfield>
  </datafield>
  <datafield tag="942" ind1=" " ind2=" ">
    <subfield code="2">lcc</subfield>
    <subfield code="c">B</subfield>
  </datafield>
  <datafield tag="999" ind1=" " ind2=" ">
    <subfield code="c">2095</subfield>
    <subfield code="d">2095</subfield>
  </datafield>
  <datafield tag="952" ind1=" " ind2=" ">
    <subfield code="0">0</subfield>
    <subfield code="1">0</subfield>
    <subfield code="4">0</subfield>
    <subfield code="7">0</subfield>
    <subfield code="a">BRCA</subfield>
    <subfield code="b">BRCA</subfield>
    <subfield code="d">2008-10-23</subfield>
    <subfield code="l">0</subfield>
    <subfield code="o">NK5114 .F47 1990</subfield>
    <subfield code="p">01410</subfield>
    <subfield code="r">2019-03-22 00:00:00</subfield>
    <subfield code="w">2019-03-22</subfield>
    <subfield code="y">B</subfield>
  </datafield>
</record>
